Bilecik Bilecik Bilecik Bilecik Bilecik

Kişiliğinizi tanıyın: melankolik, güçlü klorik, popüler optimist, barışcıl soğukkanlı = (Record no. 22868)

MARC details
000 -BAŞLIK
Sabit Uzunluktaki Kontrol Alanı 01340nam a22003857a 4500
001 - KONTROL NUMARASI
Control Dosyası 0022913
003 - KONTROL NUMARASI KİMLİĞİ
Kontrol Alanı KOHA_MİRAKIL
005 - EN SON İŞLEM TARİHİ ve ZAMANI
Kontrol Alanı 20260207002358.0
007 - FİZİKSEL TANIM SABİT ALAN - GENEL BİLGİ
Sabit uzunluklu kontrol alanı ta
008 - SABİT UZUNLUKTAKİ VERİ ÖGELERİ - GENEL BİLGİ
Sabit Alan 101015b1997 tu |||gr||||#||||0|tur |
020 ## - ISBN - ULUSLARARASI STANDART KİTAP NUMARASI
Isbn 9757397628
040 ## - KATALOGLAMA KAYNAĞI
Özgün Kataloglama Kurumu TR-BiSEU
Kataloglama Dili tur
Çeviri Kurumu TR-BiSEU
Açıklama Kuralları rda
041 0# - DİL KODU
Metin ya da ses kaydının dil kodu tur
044 ## - YAYINLAYAN/ÜRETEN KURULUŞUN ÜLKE KODU
ISO country code tu
050 ## - SINIFLAMA ve YER NUMARASI
Sınıflama Numarası BF698.K57
Yer Numarası L58 1997
100 1# - KİŞİ ADI
Yazar Adı (Kişi adı) Littauer, Florence.
240 10 - TEK BİÇİM BAŞLIK
Tekbiçim Başlık <a href="personality plus">personality plus</a>
Language of a work Türkçe
245 1# - ESER ADI BİLDİRİMİ
Başlık Kişiliğinizi tanıyın: melankolik, güçlü klorik, popüler optimist, barışcıl soğukkanlı =
Alt Eseradı vb. personality plus/
Sorumluluk Bildirimi Florence Littauer ; Florence Littauer ;çev. Demet Dizman.
264 #1 - ÜRERİM, YAYIN, DAĞITIM ve TELİF BİLDİRİMİ
Yayın yeri İstanbul :
Yayınlayan Sistem Yayıncılık
Yayın tarihi 1997
300 ## - FİZİKSEL TANIMLAMA
Sayfa, Cilt vb. VI, 224 s.
336 ## - İÇERİK TÜRÜ
Content type term metin
Content type code txt
Source rdacontent
337 ## - MEDYA TÜRÜ
Media type term aracısız
Media type code n
Source rdamedia
338 ## - TAŞIYICI TÜRÜ
Carrier type term cilt
Carrier type code nc
Source rdacarrier
490 1# - DİZİ BİLDİRİMİ
Dizi Bildirimi Sistem yayıncılık ;
Cilt Numarası 061 Geliştiren Kitaplar Dizisi
650 #0 - KONU BAŞLIĞI EK GİRİŞ - KONU TERİMİ
Konusal terim veya coğrafi ad Kişilik.
9 (RLIN) 8397
650 #0 - KONU BAŞLIĞI EK GİRİŞ - KONU TERİMİ
Konusal terim veya coğrafi ad Huy.
9 (RLIN) 8398
650 #0 - KONU BAŞLIĞI EK GİRİŞ - KONU TERİMİ
Konusal terim veya coğrafi ad Personality.
9 (RLIN) 8399
650 #0 - KONU BAŞLIĞI EK GİRİŞ - KONU TERİMİ
Konusal terim veya coğrafi ad Başarı--Dinsel yönler--Hıristiyanlık.
9 (RLIN) 8400
650 #0 - KONU BAŞLIĞI EK GİRİŞ - KONU TERİMİ
Konusal terim veya coğrafi ad Hıristiyan yaşamı.
9 (RLIN) 7917
650 #0 - KONU BAŞLIĞI EK GİRİŞ - KONU TERİMİ
Konusal terim veya coğrafi ad Temperament.
9 (RLIN) 8401
650 #0 - KONU BAŞLIĞI EK GİRİŞ - KONU TERİMİ
Konusal terim veya coğrafi ad Success--Religious aspects--Christianity.
9 (RLIN) 8402
650 #0 - KONU BAŞLIĞI EK GİRİŞ - KONU TERİMİ
Konusal terim veya coğrafi ad Christian life.
9 (RLIN) 7919
830 1# - SERİ EK GİRİŞİ - TEKBİÇİM ESER ADI
Tekbiçim Başlık Sistem yayıncılık ;
Volume number/sequential designation 061 Geliştiren Kitaplar Dizisi
9 (RLIN) 5540
942 ## - EK GİRİŞ ÖGELERİ (KOHA)
Source of classification or shelving scheme Library of Congress Classification
Koha item type Book
Holdings
Materyal Türü Kalıcı Konum Mevcut Konum Sınıflandırma Kaynağı Edinim Bilgisi Ana Konular Alt Konular Yer Numarası Demirbaş Numarası Fatura Tarihi Maliyet, Alış Fiyatı Maliyet, Yenileme Fiyatı Geri Çekilme Durumu Kayıp Durumu Hasarlı Durumu Kredi için değil Kayıt Tarih Toplam Ödünçverme Son Görülme Tarihi Son Kontrol Tarihi Genel / Bağış Notu
Book BŞEÜ Pazaryeri MYO Kütüphanesi BŞEÜ Pazaryeri MYO Kütüphanesi Library of Congress Classification Bağış FELSEFE, PSİKOLOJİ, DİN Psikoloji BF698.K57 L58 1997 0022913 02/02/2026 3.50 3.50         15/10/2010 3 05/12/2024 05/12/2024 Genel Bağış